书目信息 |
| 题名: |
机械系统设计及其控制技术
|
|
| 作者: | 丁继斌 , 封士彩 主编 | |
| 分册: | ||
| 出版信息: | 北京 化学工业出版社 2007 |
|
| 页数: | 263页 | |
| 开本: | 26cm | |
| 丛书名: | ||
| 单 册: | ||
| 中图分类: | TH122 , TP273 | |
| 科图分类: | ||
| 主题词: | 机械设计--系统设计 , 自动控制系统 , 机械设计 , 系统设计 | |
| 电子资源: | ||
| ISBN: | 978-7-5025-5921-2 | |
| 000 | 00976nam0 2200301 450 | |
| 001 | 003422919 | |
| 005 | 20070805111308.50 | |
| 010 | @a978-7-5025-5921-2@dCNY34.00 | |
| 035 | @a003422919 | |
| 100 | @a20070104d2007 em y0chiy0110 ea | |
| 101 | 0 | @achi |
| 102 | @aCN@b110000 | |
| 105 | @aa z 000yy | |
| 106 | @ar | |
| 200 | 1 | @a机械系统设计及其控制技术@Aji xie xi tong she ji ji qi kong zhi ji shu@f丁继斌,封士彩主编@Fding ji bin, feng shi cai zhu bian |
| 210 | @a北京@c化学工业出版社@d2007 | |
| 215 | @a263页@c图@d26cm | |
| 330 | @a本书从系统的观点出发,共分12章,阐述了现代机械系统设计的一般规律,方法和手段,分析了现代机械系统的控制的基本概念和常用技术。 | |
| 606 | 0 | @a机械设计@x系统设计 |
| 606 | 0 | @a自动控制系统 |
| 606 | 0 | @a机械设计 |
| 606 | 0 | @a系统设计 |
| 690 | @aTH122@v4 | |
| 690 | @aTP273@v4 | |
| 701 | 0 | @a丁继斌@Ading ji bin@4主编 |
| 701 | 0 | @a封士彩@Afeng shi cai@f(1966~)@4主编 |
| 801 | 0 | @aCN@bNLC@c20070805 |
| 905 | @dTH122@e76@f5 | |
| 机械系统设计及其控制技术/丁继斌,封士彩主编.-北京:化学工业出版社,2007 |
| 263页:图;26cm |
| ISBN 978-7-5025-5921-2:CNY34.00 |
| 本书从系统的观点出发,共分12章,阐述了现代机械系统设计的一般规律,方法和手段,分析了现代机械系统的控制的基本概念和常用技术。 |
| ● |
| 相关链接 |
|
|
|
|
正题名:机械系统设计及其控制技术
索取号:TH122/76
 
预约/预借
| 序号 | 登录号 | 条形码 | 馆藏地/架位号 | 状态 | 备注 |
| 1 | 0850983 | 208509835 | 第二样本阅览室/ [索取号:TH122/76] | 在馆 | |
| 2 | 0850984 | 208509844 | 第三借阅区/ [索取号:TH122/76] | 在馆 | |
| 3 | 0850985 | 208509853 | 第三借阅区/ [索取号:TH122/76] | 在馆 | |
| 4 | 0850986 | 208509862 | 第三借阅区/ [索取号:TH122/76] | 在馆 | |
| 5 | 0850987 | 208509871 | 第三借阅区/ [索取号:TH122/76] | 在馆 |